| 000 | 00397nam a2200169Ia 4500 | ||
|---|---|---|---|
| 008 | 210210b1959 xxu||||| |||| 00| 0 eng d | ||
| 041 | _aeng | ||
| 082 | _a425/280 | ||
| 100 | _aSTANFORD (G H) | ||
| 245 | _aConduct of meeting | ||
| 260 |
_aLondon _bOxford University Press _c1959 |
||
| 650 | _aof | ||
| 650 | _ameeting | ||
| 650 | _aConduct | ||
| 690 | _aEnglish Language | ||
| 906 | _a006056 | ||
| 999 |
_c129090 _d129090 |
||